1035 1850 1067 1477 1734 1906 1991 1707 1058 1190 1673 1674 1043 1138 1409 1055 1168 1620 1380 1323 1795 1416 1081 1014 1389 1858 1024 1922 1098 1707 1964 1953 1668 1368 1670 1161 1921 1249 1700 1142 1469 1150 1532 1561 1131 1139 1030 1228 1665 1746 1288 1799 1484 1211 1312 1273 1354 1275 1496 1518 1103 1724 1749 1832 1548 1748 1484 1044 1594 1152 1609 1688 1849 1850 1799 1973 1024 1036 1648 1186 1445 1031 1479 1898 1330 1980 1475 1903 1630 1669 1120 1330 1337 1918 1234 1180 1036 1609 1287 BCNSPRNW ULIB Ver.6.0+V

เปลี่ยนเป็นภาษาไทย

Change to English
 แสดงรายละเอียดบรรณานุกรม
  กลับหน้าหลัก

Brief Record : Get Marc (ISO 2709) : E-mail record : QR code < ปิดหน้าต่าง
LEADER : 00000nam 2200000uu 4500
001    13399120647
003     ULIB
008    121002s2548||||th 000 0 tha d
020    ^a9746114174 (ล.2)
050 04 ^aBF1298^bส719จ ล.2
245 00 ^aจิตวิทยาทั่วไป หน่วยที่ 8-15=^bGeneral Psychology /^cสาขาวิชาคหกรรมศาสตร์ มหาวิทยาลัยสุโขทัยธรรมาธิราช
246 31 ^aGeneral Psychology
250    ^aพิมพ์ครั้งที่ 18
260    ^aนนทบุรี :^bสำนักพิมพ์ มสธ.,^c2548
300    ^a2 เล่ม
500    ^aเอกสารการสอนชุดวิชาจิตวิทยาทั่วไป
650  7 ^aจิตวิทยา
710 2  ^aมหาวิทยาลัยสุโขทัยธรรมาธิราช. ^bสาขาวิชาคหกรรมศาสตร์
740 02 ^aเอกสารการสอนชุดวิชาจิตวิทยาทั่วไป
945    ^p0^l0^i24452
995    ^aวิภา
999 ^a ใช้งานได้ทุกระบบ
รายการนี้ยังไม่มีแท็ก
คุณยังไม่ได้ล็อกอิน คุณสามารถมีกิจกรรมร่วมกับเว็บไซต์ได้ แต่ต้องล็อกอินก่อน ::
  ล็อกอิน

รายการสื่อสารสนเทศ

ลำดับที่ ประเภท เลขเรียก/บาร์โค้ด สถานที่ สถานะ
1. วิทยาศาสตร์การแพทย์ และสุขภาพ
วิทยาศาสตร์การแพทย์ และสุขภาพ
BF1298 ส719จ ล.2  
  Barcode: 24452
ห้องสมุดวิทยาเขตสวรรค์ประชารักษ์
►หนังสือทั่วไป
บนชั้น

รายการใกล้เคียง
    หัวเรื่อง [จิตวิทยา]

BibComment


ยังไม่เคยถูกคอมเมนท์

คอมเมนท์ทรัพยากรรายการนี้
  คอมเมนท์: จิตวิทยาทั่วไป ห..


 Copyright 2026. Bcnsprnw @Library